000 00448nam a2200181Ia 4500
001 2676
005 20260306144824.0
008 260306t1998||||xx |||||||||||||| ||spa||
041 _aESP
082 _a209.88
_bL88 CEPC
100 _aLópez Quintás, Alfonso [1885-1968
_eAUT
245 0 _aRomano Guardini, maestro de vida
260 _c1998
300 _a415 páginas :
_c21 cm.
650 _aGEN
654 _aCHU
942 _cLIB
_dJUS
_fJUS
_2ddc
_n
999 _c2676
_d2676